Sistemas de control automático

সংরক্ষণ করুন:
গ্রন্থ-পঞ্জীর বিবরন
প্রধান লেখক: Kuo, Benjamin C (Author)
বিন্যাস: গ্রন্থ
ভাষা:স্প্যানিশ
প্রকাশিত: Ciudad de México Prentice-Hall Hispanoamericana 1996
বিষয়গুলি:
ট্যাগগুলো: ট্যাগ যুক্ত করুন
কোনো ট্যাগ নেই, প্রথমজন হিসাবে ট্যাগ করুন!

MARC

LEADER 00000nam a2200000 a 4500
001 UCO3961
003 CL-VaPUC
008 000728e19960000MX |||||||||||||||||spa|d
020 |a 9688807230 
082 0 4 |a 629.83  |b KUO  |2 21 
100 |a Kuo, Benjamin C  |e author  |9 496180 
245 1 0 |a Sistemas de control automático 
300 |a 897 p 
942 |c BK 
945 |d 20000728 00:00:00  |a cmena 
260 |a Ciudad de México  |b Prentice-Hall Hispanoamericana  |c 1996 
650 7 |a SISTEMAS DE CONTROL POR RETROALIMENTACION  |2 CL-VaPUC  |9 260651 
650 0 |a Control automático  |9 259890 
650 0 |a Análisis de sistemas   |9 260059 
583 |a last modification  |c 20000728 00:00:00  |k Rodrigo Vera 
999 |c 290055  |d 290053 
952 |0 0  |1 0  |4 0  |6 629_830000000000000_KUO_1996  |7 0  |8 R  |9 339234  |a BIBMEC  |b BIBMEC  |d 2019-11-20  |i 3823482  |o 629.83 KUO 1996  |p 3823482  |r 2019-11-20  |w 2019-11-20  |y BK_R  |k MEC 
952 |0 0  |1 0  |2 ddc  |4 0  |6 629_830000000000000_KUO_1996  |7 0  |8 A  |9 339235  |a BIBMEC  |b BIBMEC  |d 2019-11-20  |i 3823490  |o 629.83 KUO 1996  |p 3823490  |r 2024-01-19  |w 2019-11-20  |y BK_P  |k MEC 
952 |0 0  |1 0  |2 ddc  |4 0  |6 629_830000000000000_KUO_1996  |7 0  |8 A  |9 339237  |a BIBING  |b BIBING  |c RES  |d 2019-11-20  |i 3939723  |o 629.83 KUO 1996  |p 3939723  |r 2025-01-20  |w 2019-11-20  |y BK  |k EIE 
952 |0 0  |1 0  |2 ddc  |4 0  |6 629_830000000000000_KUO_1996  |7 0  |8 A  |9 339240  |a BIBING  |b BIBING  |c RES  |d 2019-11-20  |i 4160789  |o 629.83 KUO 1996  |p 4160789  |r 2025-01-20  |w 2019-11-20  |y BK  |k EIE 
952 |0 0  |1 0  |2 ddc  |4 0  |6 629_830000000000000_KUO_1996  |7 0  |8 A  |9 339241  |a BIBING  |b BIBING  |c RES  |d 2019-11-20  |i 4279441  |o 629.83 KUO 1996  |p 4279441  |r 2025-01-20  |w 2019-11-20  |y BK  |k EIE 
952 |0 0  |1 0  |2 ddc  |4 0  |6 629_830000000000000_KUO_1996  |7 0  |8 A  |9 339242  |a BIBING  |b BIBING  |c RES  |d 2019-11-20  |i 427945K  |o 629.83 KUO 1996  |p 427945K  |r 2025-01-20  |w 2019-11-20  |y BK  |k EIE 
952 |0 0  |1 0  |2 ddc  |4 0  |6 629_830000000000000_KUO_1996  |7 0  |8 A  |9 339243  |a BIBING  |b BIBING  |c RES  |d 2019-11-20  |i 4279468  |o 629.83 KUO 1996  |p 4279468  |r 2025-01-20  |w 2019-11-20  |y BK  |k EIE 
952 |0 0  |1 0  |2 ddc  |4 0  |6 629_830000000000000_KUO_1996  |7 0  |8 A  |9 339244  |a BIBING  |b BIBING  |c RES  |d 2019-11-20  |i 4279476  |o 629.83 KUO 1996  |p 4279476  |r 2025-01-20  |w 2019-11-20  |y BK  |k EIE